Quiz sulla storia contemporanea - Statistics

Statistiche generali
  • Questo quiz è stato fatto 234 volte
  • Il punteggio medio è 5 su 20
Statistiche sulle risposte
Domanda Risposta % Corretto
Uno degli stati che ha sottoscritto gli accordi di Abramo
88%
Stato che vinse la guerra dei sei giorni Israele
68%
Scandalo che ha portato all'impeachment e alle dimissioni di Nixon Watergate
45%
Carica del leader religioso supremo dell'Iran Ayatollah
42%
Stato centro della crisi internazionale del 1962 Cuba
40%
Vicepresidente americano durante l'approvazione dell'Obama care Joe Biden
37%
Dove entrarono nel 2014 le truppe guidate da Igor Girkin Donbass
36%
Primo leader supremo della Corea del Nord Kim Il-Sung
25%
Viene chiamata la "Corea del Nord africana" Eritrea
23%
Personaggio immaginario censurato in Cina per la sua somiglianza con Xi Jinping Winnie the Pooh
17%
Leader della crisi costituzionale russa del 1993 Boris Yeltsin
14%
Nome del progetto mirato all'aumento dell'influenza economica cinese Nuova Via della Seta
9%
Data (giorno, mese, anno) della dissoluzione dell'Unione Sovietica 26 dicembre 1991
4%
Alleanza mujaheddin pro occidentale durante la guerra in Afghanistan Alleanza del Nord
3%
Operazione CIA incentrata sullo studio di droghe e tecniche per ottenere confessioni MKULTRA
3%
Unità segreta di ricerca e sviluppo di armi chimico-biologiche dell'esercito giapponese Unità 731
3%
Paese africano che nel 1962 voleva raggiungere la Luna con i suoi astronauti Zambia
3%
Acronimo con cui vengono indicate le compagnie militari private PMC
2%
Individui portati in America durante l'operazione Paperclip Scienziati nazisti
1%
Controparte sovietica dell'operazione paperclip Operazione Osoaviachim
0%
Nessun quiz corrispondente trovato
Distribuzione punteggi
Percentuale di utenti per punteggio
Percentile per numero di risposta
I tuoi punteggi nel tempo
Non hai fatto questo quiz